| 000 | 00638nam a22002057a 4500 | ||
|---|---|---|---|
| 003 | MX-MxUPN | ||
| 005 | 20251028142154.0 | ||
| 008 | 250819s2002 mx ||||fr|||| 000 0 spa d | ||
| 040 |
_aMX-MxUPN _bspa _cMX-MxUPN |
||
| 041 | 0 | _aspa | |
| 050 | 1 | 4 |
_aLA422 _bM44 2002 |
| 110 | 1 |
_aMéxico. _bSecretaría de Educación Pública _944381 |
|
| 245 | 1 | 0 |
_aMéxico : _b plan nacional de educación para todos 2002-2015 |
| 260 |
_aMéxico : _bSEP, _c2002. |
||
| 300 | _a89 páginas | ||
| 650 | 4 |
_aEducación _zMéxico _vPlanes y programas _94840 |
|
| 650 | 4 |
_aEducación y Estado _919 |
|
| 902 | _aBerenice Martínez/290825 | ||
| 942 |
_2lcc _cLIBRO |
||
| 999 |
_c213909 _d213909 |
||